| 000 | 01231cam a22003497a 4500 | ||
|---|---|---|---|
| 003 | CHAP | ||
| 005 | 20220817040843.0 | ||
| 008 | 971013s1981 r 00010 d | ||
| 010 | _a1514 | ||
| 011 | _a2486 | ||
| 035 | _a1680 | ||
| 040 | _cCHAP | ||
| 082 |
_a631.41 _bD6 |
||
| 100 | 0 | 0 |
_aDowdy, R. H. _934115 |
| 245 | 0 |
_aChemistry in the soil environment _b: proceedings |
|
| 260 |
_aMadison, Wis : _bAmerican Society of Agronomy, _c1981 |
||
| 300 |
_a259 p. ilus. _b; gráfs. |
||
| 490 | 0 |
_aASA special publication _v; 40 |
|
| 590 |
_aBATCH-UPD _b10 _c20130110 _lUCH01 _h1543 |
||
| 590 |
_aBATCH-UPD _b10 _c20130410 _lUCH01 _h0944 |
||
| 590 |
_aBATCH-UPD _b10 _c20130914 _lUCH01 _h0501 |
||
| 590 |
_aCONVERSION _b10 _c20130109 _lUCH01 _h1302 |
||
| 650 | 1 | 4 |
_aSuelos y cultivos. _9110571 |
| 650 | 1 | 4 |
_aSuelos _xQuímica de. _9110470 |
| 710 | 0 |
_aAmerican Society of Agronomy. Madison, Wis. _95293 |
|
| 830 | 0 |
_aASA special publication _v; 40 |
|
| 901 | _aBK | ||
| 942 | _cLIBRO | ||
| 949 |
_a631.41 D6 _bBC _cLIBRO _d33724000066445 _eLIBRO _fc.2 _h69375 _i1680 _si _t52.94 |
||
| 949 |
_a631.41 D6 _bBC _cLIBRO _d33724000066452 _eLIBRO _h68422 _i1680 _si _t52.94 |
||
| 949 |
_a631.41 D6 _bBC _cLIBRO _d33724000066460 _eLIBRO _fc.3 _h77563 _i1680 _si _t52.94 |
||
| 999 |
_c1514 _d1514 |
||